| Tag |
First Indicator |
Second Indicator |
Subfields |
| LEADER |
00000cam a2200000Ia 4500 |
| 001 |
in00003530113 |
| 005 |
20151105174747.0 |
| 008 |
140912s20142014gw a c 000 0 eng d |
| 020 |
|
|
|a 9783941644618 (pbk.)
|
| 020 |
|
|
|a 3941644610 (pbk.)
|
| 035 |
|
|
|a (OCoLC)ocn890589821
|
| 040 |
|
|
|a OHX
|e rda
|c OHX
|d JPG
|d YDX
|d UtOrBLW
|
| 041 |
1 |
|
|a eng
|h dut
|
| 043 |
|
|
|a e-ne---
|
| 049 |
|
|
|a TXAM
|
| 050 |
|
4 |
|a N6953.H37
|b A4 2014
|
| 082 |
0 |
|
|a 709.2
|2 23
|
| 100 |
1 |
|
|a Harlev, Lise.
|
| 245 |
1 |
0 |
|a This is not really me /
|c Lise Harlev ; [editors, Lotte Møller, Lise Harlev ; translations, Jane Rowley].
|
| 264 |
|
1 |
|a Berlin :
|b Green Box,
|c [2014]
|
| 264 |
|
4 |
|c ©2014
|
| 300 |
|
|
|a 151 pages :
|b color illustrations ;
|c 26 cm.
|
| 336 |
|
|
|a text
|b txt
|2 rdacontent
|
| 337 |
|
|
|a unmediated
|b n
|2 rdamedia
|
| 600 |
1 |
0 |
|a Harlev, Lise
|v Catalogs.
|
| 650 |
|
0 |
|a Posters
|z Netherlands
|y 21st century
|v Catalogs.
|
| 700 |
1 |
|
|a Møller, Lotte.
|
| 700 |
1 |
|
|a Rowley, Jane.
|
| 945 |
|
|
|a PromptCat
|b 142821
|
| 946 |
|
|
|a stk
|
| 947 |
|
|
|a A14842967771
|
| 948 |
|
|
|a cataloged
|b h
|c 2015/4/9
|d c
|e dmitchel
|f 1:44:28 pm
|
| 994 |
|
|
|a 92
|b TXA
|
| 999 |
|
|
|a MARS
|
| 999 |
f |
f |
|s 1fd798f8-048d-345e-8693-233b47e2cc1b
|i b3d0a760-c877-3fff-961c-a7b56304ae31
|t 0
|
| 952 |
f |
f |
|p normal
|a Texas A&M University
|b College Station
|c Sterling C. Evans Library
|d Evans: Library Stacks
|t 0
|e N6953.H37 A4 2014
|h Library of Congress classification
|i unspecified -- unspecified
|m A14842967771
|
| 998 |
f |
f |
|a N6953.H37 A4 2014
|t 0
|l Evans: Library Stacks
|